Statistics for 3 minute moltiplication quiz(100 questions!!)

Click here to take the quiz!

General Stats

  • This quiz has been taken 37 times
    (26 since last reset)
  • The average score is 58 of 100

Answer Stats

HintAnswer% Correct
9x872
100%
2x48
100%
0x00
94%
4x00
94%
2x00
94%
10x10100
94%
7x214
94%
2x918
94%
1x22
94%
10x220
94%
2x1122
94%
5x525
94%
9x327
94%
6x530
94%
5x735
94%
5x1260
94%
8x864
94%
3x39
94%
2x00
88%
1x11
88%
9x12108
88%
12x10120
88%
11x11121
88%
11x12132
88%
7x214
88%
5x315
88%
6x318
88%
3x618
88%
4x520
88%
4x520
88%
4x520
88%
8x324
88%
7x428
88%
4x936
88%
3x1236
88%
4x936
88%
5x945
88%
6x848
88%
6x848
88%
6x954
88%
2x48
88%
10x990
88%
2x510
81%
11x11121
81%
12x12144
81%
5x525
81%
12x448
81%
3x26
81%
7x963
81%
5x735
69%
4x936
69%
6x848
69%
8x648
69%
8x648
69%
8x864
63%
1x11
56%
6x212
56%
6x424
56%
7x428
56%
4x832
56%
6x636
56%
9x436
56%
6x954
56%
3x39
56%
11x999
56%
3x13
50%
2x48
50%
8x432
38%
5x840
38%
12x672
31%
12x896
31%
0x00
13%
0x10
13%
5x315
13%
4x416
13%
11x222
13%
12x336
13%
12x336
13%
6x742
13%
9x654
13%
7x963
13%
9x981
13%
1x1010
6%
3x412
6%
2x12
6%
1x22
6%
5x420
6%
11x222
6%
11x222
6%
5x630
6%
12x336
6%
7x642
6%
6x742
6%
8x756
6%
3x26
6%
9x981
6%
9x1090
6%
10x10100
0%
5x525
0%
7x856
0%

Score Distribution

Percentile by Number Answered

Percent of People with Each Score

Your Score History

You have not taken this quiz since the last reset